[Event "DVM U20 2007"]
[Site "Kelheim GER"]
[Date "2007.12.29"]
[Round "6"]
[White "Strathoff, Martin"]
[Black "Lieder, Konrad"]
[Result "1/2-1/2"]
[Termination "normal"]
[Board "3.3"]
[WhiteElo "2026"]
[BlackElo "2123"]
[WhiteTeam "SF Brackel"]
[BlackTeam "SV Sangerhausen"]
[PlyCount "143"]
[WhiteFideId "24609560"]
[BlackFideId "4692721"]
[EventCountry "GER"]
[EventRounds "7"]
[EventType "team-swiss"]
[EventDate "2007.12.26"]

1. d4 d5 2. c4 c6 3. Nc3 Nf6 4. cxd5 cxd5 5. Nf3 e6 6. Bg5 Be7 7. e3 O-O 8. Bd3
Nbd7 9. O-O a6 10. a4 b6 11. Rb1 Bb7 12. Qe2 Ne4 13. Bxe7 Qxe7 14. Nd2 Nxd2 15.
Qxd2 e5 16. dxe5 Qxe5 17. Ne2 Nc5 18. Qc2 h6 19. b4 Ne6 20. Qb2 Qxb2 21. Rxb2
Rfc8 22. Bf5 Rc4 23. h3 Kf8 24. Rd1 Ke7 25. Bd3 Rc7 26. b5 a5 27. Bc2 Rd8 28.
Bb3 g6 29. Rbd2 Nc5 30. Bc2 Rdc8 31. Nd4 Ne6 32. Bb3 Nxd4 33. Rxd4 Rc1 34. Kf1
Rxd1+ 35. Rxd1 Rc3 36. Bxd5 Bc8 37. Ke2 Ra3 38. Rd4 Be6 39. Bxe6 fxe6 40. Kf3
Ra2 41. Rc4 Kf6 42. Rc6 Rxa4 43. Rxb6 Rb4 44. Rb8 a4 45. b6 a3 46. Ra8 Rxb6 47.
Rxa3 Rb2 48. g4 Rb6 49. h4 Rc6 50. Ra4 Rc5 51. Kf4 Rb5 52. f3 Rc5 53. Ra3 Rb5
54. Kg3 Rb6 55. f4 e5 56. Kf3 exf4 57. Kxf4 g5+ 58. hxg5+ hxg5+ 59. Kf3 Rc6 60.
Ra5 Rb6 61. Rd5 Ra6 62. Ke4 Re6+ 63. Kd4 Ra6 64. Rf5+ Kg6 65. Rc5 Ra4+ 66. Rc4
Ra3 67. Rc6+ Kf7 68. Rc4 Kf6 69. e4 Rg3 70. Kd5 Rd3+ 71. Rd4 Re3 72. Rd1
1/2-1/2

[Event "DVM U20 2007"]
[Site "Kelheim GER"]
[Date "2007.12.29"]
[Round "6"]
[White "Günther, Christian"]
[Black "Luft, Dennis"]
[Result "1-0"]
[Termination "normal"]
[Board "3.4"]
[WhiteElo "2075"]
[BlackElo "1943"]
[WhiteTeam "SV Sangerhausen"]
[BlackTeam "SF Brackel"]
[PlyCount "123"]
[WhiteFideId "24659380"]
[BlackFideId "24623717"]
[EventCountry "GER"]
[EventRounds "7"]
[EventType "team-swiss"]
[EventDate "2007.12.26"]

1. d4 d5 2. c4 e6 3. Nc3 Nf6 4. Nf3 Be7 5. Bg5 Nbd7 6. e3 h6 7. Bh4 O-O 8. Rc1
c6 9. Bd3 dxc4 10. Bxc4 Nd5 11. Bxe7 Qxe7 12. O-O b6 13. e4 Nxc3 14. bxc3 Bb7
15. e5 Rfd8 16. Qe2 c5 17. Rfd1 cxd4 18. cxd4 Rac8 19. Qe3 Nf8 20. a3 Rc7 21.
Be2 Rdc8 22. h3 Qd7 23. Rxc7 Qxc7 24. Kh2 Ng6 25. Bd3 Ne7 26. Nd2 Bd5 27. g4
Nc6 28. Ne4 Bxe4 29. Qxe4 f5 30. gxf5 exf5 31. Qd5+ Qf7 32. Bc4 Qxd5 33. Bxd5+
Kf8 34. Rc1 Ne7 35. Rxc8+ Nxc8 36. Be6 Ne7 37. f4 Nc6 38. d5 Nd4 39. Bc8 Ne2
40. Bxf5 Nxf4 41. d6 Kf7 42. Bc8 Ne6 43. Kg3 b5 44. Ba6 Nc5 45. Bxb5 Ke6 46.
Kf4 g5+ 47. Kg4 Kxe5 48. d7 Ne6 49. Kh5 Kf6 50. Kxh6 Ke7 51. Kh5 Nf4+ 52. Kg4
Ne6 53. Bc4 Nd4 54. Kxg5 Kxd7 55. Kf6 Ke8 56. h4 Nc2 57. h5 Nxa3 58. h6 Nxc4
59. h7 Kd7 60. h8=Q Kc7 61. Ke6 Nb6 62. Qg7+ 1-0

[Event "DVM U20 2007"]
[Site "Kelheim GER"]
[Date "2007.12.29"]
[Round "6"]
[White "Heyden, Jonas"]
[Black "Richter, Dustin"]
[Result "1/2-1/2"]
[Termination "normal"]
[Board "3.5"]
[WhiteElo "2125"]
[BlackElo "1886"]
[WhiteTeam "SF Brackel"]
[BlackTeam "SV Sangerhausen"]
[PlyCount "134"]
[WhiteFideId "24638510"]
[BlackFideId "4649001"]
[EventCountry "GER"]
[EventRounds "7"]
[EventType "team-swiss"]
[EventDate "2007.12.26"]

1. e4 c5 2. c4 d6 3. Ne2 Nf6 4. Nbc3 g6 5. d4 cxd4 6. Nxd4 Bg7 7. Be3 O-O 8.
Be2 a6 9. O-O Nc6 10. a3 Nxd4 11. Bxd4 Be6 12. Qd2 Rc8 13. b3 Qc7 14. Qb2 Ne8
15. Bxg7 Nxg7 16. Rac1 f5 17. Bf3 Bf7 18. Rfe1 e6 19. Red1 Rfd8 20. h3 Qe7 21.
Qe2 Rc5 22. Qd2 Ne8 23. Qd4 Rdc8 24. Na4 Re5 25. c5 Rd8 26. b4 Qf6 27. Kh2 fxe4
28. Bg4 h5 29. Be2 Qf4+ 30. g3 Qf5 31. Nb6 d5 32. c6 bxc6 33. Rxc6 h4 34. Nc8
Rd7 35. Rf1 Qg5 36. Nb6 Rb7 37. Bxa6 Ra7 38. Nc8 Rc7 39. Rxc7 Nxc7 40. Be2 e3
41. Qxh4 Qxh4 42. gxh4 exf2 43. Rxf2 Be8 44. Nd6 Ba4 45. b5 Na8 46. Bd3 d4 47.
Bxg6 Bxb5 48. Bf7+ Kg7 49. Nxb5 Rxb5 50. Bxe6 Ra5 51. Rd2 Kf6 52. Bd7 Rxa3 53.
Rxd4 Nc7 54. Rd2 Rc3 55. Bg4 Ne8 56. h5 Re3 57. Ra2 Re7 58. Kg3 Kg7 59. Ra3 Kh6
60. Ra6+ Kg7 61. Kh4 Rc7 62. h6+ Kh8 63. Ra8 Re7 64. Bh5 Re4+ 65. Kg3 Kh7 66.
Rxe8 Rxe8 67. Bxe8 Kxh6 1/2-1/2

[Event "DVM U20 2007"]
[Site "Kelheim GER"]
[Date "2007.12.29"]
[Round "6"]
[White "Wölfer, Jan"]
[Black "Schroelkamp, Carsten"]
[Result "1-0"]
[Termination "normal"]
[Board "3.6"]
[WhiteElo "1803"]
[BlackElo "1728"]
[WhiteTeam "SV Sangerhausen"]
[BlackTeam "SF Brackel"]
[PlyCount "53"]
[WhiteFideId "24659398"]
[BlackFideId "24659401"]
[EventCountry "GER"]
[EventRounds "7"]
[EventType "team-swiss"]
[EventDate "2007.12.26"]

1. e4 c6 2. d4 d5 3. e5 Bf5 4. Bd3 Bxd3 5. Qxd3 e6 6. Ne2 c5 7. c3 Nc6 8. O-O
Nge7 9. Ng3 Ng6 10. f4 Rc8 11. f5 Nge7 12. fxe6 fxe6 13. Nd2 cxd4 14. cxd4 Nb4
15. Qb5+ Nec6 16. Nb3 Nc2 17. Rb1 Rc7 18. a3 a6 19. Qd3 N2xd4 20. Nxd4 Nxd4 21.
Rxf8+ Rxf8 22. Qxd4 Rc4 23. Qd3 Qc7 24. Bd2 Qxe5 25. Re1 Qf6 26. Qe3 Ke7 27.
Bb4+ 1-0

[Event "DVM U20 2007"]
[Site "Kelheim GER"]
[Date "2007.12.29"]
[Round "6"]
[White "Baldauf, Marco"]
[Black "Geske, Julian"]
[Result "1/2-1/2"]
[Termination "normal"]
[Board "4.1"]
[WhiteElo "2236"]
[BlackElo "2206"]
[WhiteTeam "SGem Pang/Rosenheim"]
[BlackTeam "SV Hofheim"]
[PlyCount "39"]
[WhiteFideId "4688210"]
[BlackFideId "24605263"]
[EventCountry "GER"]
[EventRounds "7"]
[EventType "team-swiss"]
[EventDate "2007.12.26"]

1. d4 Nf6 2. Bg5 e6 3. e4 c5 4. e5 h6 5. Bc1 Ng8 6. dxc5 Bxc5 7. Qg4 Kf8 8. Nc3
d6 9. Ne4 Bd4 10. Nxd6 Bxe5 11. Nxc8 Qxc8 12. Nf3 Bf6 13. Bd3 Ne7 14. O-O Nbc6
15. Rb1 g6 16. a3 Kg7 17. h4 e5 18. Qe4 Nf5 19. h5 Nd6 20. Qd5 1/2-1/2

[Event "DVM U20 2007"]
[Site "Kelheim GER"]
[Date "2007.12.29"]
[Round "6"]
[White "Dittmann, Moritz"]
[Black "Lindenberg, Georg"]
[Result "0-1"]
[Termination "normal"]
[Board "4.2"]
[WhiteElo "2084"]
[BlackElo "2135"]
[WhiteTeam "SV Hofheim"]
[BlackTeam "SGem Pang/Rosenheim"]
[PlyCount "76"]
[WhiteFideId "24647039"]
[BlackFideId "24612170"]
[EventCountry "GER"]
[EventRounds "7"]
[EventType "team-swiss"]
[EventDate "2007.12.26"]

1. e4 c5 2. Nf3 e6 3. Nc3 Nc6 4. d4 cxd4 5. Nxd4 Qc7 6. g3 a6 7. Bg2 d6 8. O-O
Bd7 9. a4 Be7 10. Nb3 Nf6 11. f4 h5 12. h3 Rb8 13. Be3 b6 14. Qe2 Bc8 15. Rad1
Bb7 16. Qf2 Bc8 17. Nd4 Nb4 18. e5 Nfd5 19. Nxd5 Nxd5 20. Bc1 dxe5 21. fxe5 O-O
22. Qe2 g6 23. g4 hxg4 24. hxg4 Bb7 25. Bh6 Rfd8 26. Bf3 Nb4 27. Qh2 Nc6 28.
Nxc6 Bxc6 29. Bxc6 Qxc6 30. Be3 Qxa4 31. Qg2 Rxd1 32. Rxd1 Bc5 33. Bxc5 bxc5
34. b3 Qf4 35. Re1 Rd8 36. Qe4 Qg3+ 37. Kf1 Rd4 38. Qg2 Rf4+ 0-1

[Event "DVM U20 2007"]
[Site "Kelheim GER"]
[Date "2007.12.29"]
[Round "6"]
[White "Berchtenbreiter, Maximilian"]
[Black "Dapprich, Maximilian"]
[Result "1-0"]
[Termination "normal"]
[Board "4.3"]
[WhiteElo "2030"]
[BlackElo "1922"]
[WhiteTeam "SGem Pang/Rosenheim"]
[BlackTeam "SV Hofheim"]
[PlyCount "49"]
[WhiteFideId "24641120"]
[BlackFideId "24666041"]
[EventCountry "GER"]
[EventRounds "7"]
[EventType "team-swiss"]
[EventDate "2007.12.26"]

1. e4 e5 2. Nf3 Nc6 3. d4 exd4 4. Nxd4 Qf6 5. Be3 Bc5 6. c3 Nge7 7. Bc4 Ne5 8.
Be2 Qg6 9. f3 Qxg2 10. Rg1 Qxh2 11. Nd2 Qh4+ 12. Bf2 Qf6 13. Bg3 N7g6 14. N2b3
Bb6 15. Rf1 Nf4 16. Qd2 Nxe2 17. Qxe2 d6 18. Nd2 Be6 19. f4 Nc6 20. Nxc6 bxc6
21. f5 Bc8 22. e5 Qe7 23. Ne4 f6 24. exd6 Ba6 25. Nxf6+ 1-0

[Event "DVM U20 2007"]
[Site "Kelheim GER"]
[Date "2007.12.29"]
[Round "6"]
[White "Hartmann, Nicolas"]
[Black "Heigermoser, Robert"]
[Result "1-0"]
[Termination "normal"]
[Board "4.4"]
[WhiteElo "2003"]
[BlackElo "2059"]
[WhiteTeam "SV Hofheim"]
[BlackTeam "SGem Pang/Rosenheim"]
[PlyCount "78"]
[WhiteFideId "24626481"]
[BlackFideId "24619132"]
[EventCountry "GER"]
[EventRounds "7"]
[EventType "team-swiss"]
[EventDate "2007.12.26"]

1. e4 e6 2. Nf3 d5 3. Nc3 Nf6 4. e5 Nfd7 5. d4 c5 6. dxc5 Nc6 7. Bf4 Bxc5 8.
Bd3 a6 9. O-O h6 10. Bg3 g5 11. Re1 Nb4 12. Ne2 g4 13. Nfd4 Qg5 14. Bf4 Qg7 15.
Nb3 Ba7 16. Ned4 h5 17. Bf1 Nc6 18. Nxc6 bxc6 19. c4 h4 20. g3 hxg3 21. Bxg3
Bb8 22. cxd5 Nxe5 23. Bg2 cxd5 24. Rc1 O-O 25. Bxe5 Bxe5 26. Bxd5 Rb8 27. Bg2
Qg5 28. Rc4 Bf4 29. Rxf4 Qxf4 30. Re4 Qh6 31. Rxg4+ Kh7 32. Qd6 Rb5 33. Be4+
Kh8 34. Nc5 Qc1+ 35. Kg2 Qxc5 36. Rh4+ Kg7 37. Rg4+ Kf6 38. Rf4+ Kg5 39. h4+
Kh6 1-0

[Event "DVM U20 2007"]
[Site "Kelheim GER"]
[Date "2007.12.29"]
[Round "6"]
[White "Baldauf, Manuel"]
[Black "Ackermann, Johannes"]
[Result "1-0"]
[Termination "normal"]
[Board "4.5"]
[WhiteElo "1789"]
[BlackElo "1904"]
[WhiteTeam "SGem Pang/Rosenheim"]
[BlackTeam "SV Hofheim"]
[PlyCount "55"]
[WhiteFideId "4648528"]
[BlackFideId "24663875"]
[EventCountry "GER"]
[EventRounds "7"]
[EventType "team-swiss"]
[EventDate "2007.12.26"]

1. e4 c5 2. Nf3 Nc6 3. Bb5 e5 4. Bxc6 dxc6 5. h3 g6 6. Nc3 Bg7 7. d3 Ne7 8. Be3
Qd6 9. Qd2 O-O 10. Bh6 Rb8 11. O-O Rd8 12. Bxg7 Kxg7 13. Qe3 b5 14. a3 f6 15.
Ne2 Be6 16. b4 c4 17. d4 exd4 18. Nexd4 Rb7 19. Rad1 Kf7 20. Qh6 Rbd7 21. e5
Qd5 22. Qxh7+ Kf8 23. exf6 Ng8 24. Nxe6+ Qxe6 25. Rxd7 Rxd7 26. Qxg6 Qxf6 27.
Qxf6+ Nxf6 28. Re1 1-0

[Event "DVM U20 2007"]
[Site "Kelheim GER"]
[Date "2007.12.29"]
[Round "6"]
[White "Fuhrmann, Max"]
[Black "Krug, Kevin"]
[Result "0-1"]
[Termination "normal"]
[Board "5.1"]
[WhiteElo "2049"]
[BlackElo "2177"]
[WhiteTeam "SK Kelheim"]
[BlackTeam "SF Köln-Mülheim"]
[PlyCount "76"]
[WhiteFideId "24620114"]
[BlackFideId "24609110"]
[EventCountry "GER"]
[EventRounds "7"]
[EventType "team-swiss"]
[EventDate "2007.12.26"]

1. e4 c6 2. d4 d5 3. exd5 cxd5 4. c4 Nf6 5. Nc3 Nc6 6. Nf3 e6 7. cxd5 Nxd5 8.
Bd3 Be7 9. a3 O-O 10. Bc2 Re8 11. O-O a6 12. Qd3 g6 13. Bh6 Nxc3 14. bxc3 Bd7
15. a4 Rc8 16. Rab1 Qc7 17. Rfe1 Nb4 18. cxb4 Qxc2 19. Qxc2 Rxc2 20. b5 axb5
21. axb5 Rec8 22. Ne5 Be8 23. Nd3 Rd8 24. Be3 b6 25. d5 Rxd5 26. Nb4 Bxb4 27.
Rxb4 Bxb5 28. Bxb6 f5 29. Reb1 e5 30. Be3 Bc6 31. h3 f4 32. Bb6 Rdd2 33. Re1 e4
34. Rd4 Rxd4 35. Bxd4 e3 36. Kf1 Rxf2+ 37. Kg1 Rxg2+ 38. Kf1 Rh2 0-1

[Event "DVM U20 2007"]
[Site "Kelheim GER"]
[Date "2007.12.29"]
[Round "6"]
[White "Papaioannou, Dimitri"]
[Black "Eibl, Maximilian"]
[Result "1/2-1/2"]
[Termination "normal"]
[Board "5.2"]
[WhiteElo "1998"]
[BlackElo "1998"]
[WhiteTeam "SF Köln-Mülheim"]
[BlackTeam "SK Kelheim"]
[PlyCount "69"]
[WhiteFideId "24673170"]
[BlackFideId "24620092"]
[EventCountry "GER"]
[EventRounds "7"]
[EventType "team-swiss"]
[EventDate "2007.12.26"]

1. e4 c5 2. Nf3 d6 3. d4 cxd4 4. Nxd4 Nf6 5. Nc3 a6 6. Be2 e6 7. a4 Be7 8. O-O
Qc7 9. f4 O-O 10. Bf3 Nc6 11. Nb3 b6 12. Be3 Bb7 13. Qe2 Nb4 14. a5 Nd7 15.
axb6 Nxb6 16. Na5 Rac8 17. Nxb7 Qxb7 18. Kh1 Nc4 19. Bc1 Qc7 20. Na4 Na5 21. c3
Nb3 22. Ra3 Nxc1 23. Rxc1 a5 24. Rd1 Nc6 25. Raa1 Rb8 26. Rd2 Rfc8 27. Qf1 Nd8
28. Be2 Qc6 29. Rd4 Bf6 30. Rc4 Qd7 31. Rxc8 Qxc8 32. Bc4 Qc6 33. Qd3 Rc8 34.
b3 Nb7 35. Rd1 1/2-1/2

[Event "DVM U20 2007"]
[Site "Kelheim GER"]
[Date "2007.12.29"]
[Round "6"]
[White "Schehl, Michael"]
[Black "Singer, Michael"]
[Result "1/2-1/2"]
[Termination "normal"]
[Board "5.4"]
[WhiteElo "1830"]
[BlackElo "1773"]
[WhiteTeam "SF Köln-Mülheim"]
[BlackTeam "SK Kelheim"]
[PlyCount "77"]
[BlackFideId "24652075"]
[EventCountry "GER"]
[EventRounds "7"]
[EventType "team-swiss"]
[EventDate "2007.12.26"]

1. d4 d5 2. Nf3 e6 3. Bf4 Be7 4. e3 f5 5. c3 Nf6 6. Nbd2 Nbd7 7. Bd3 O-O 8. Ne5
c5 9. h3 Nxe5 10. Bxe5 Bd7 11. f4 Ne4 12. Bxe4 fxe4 13. O-O cxd4 14. Bxd4 Qe8
15. Nb3 Qg6 16. Qg4 Qxg4 17. hxg4 Bb5 18. Rf2 Bh4 19. g3 Be7 20. Nc5 Bxc5 21.
Bxc5 Rf7 22. Bd6 Rc8 23. Rd1 Rc6 24. Be5 Bd3 25. g5 g6 26. Rdd2 b5 27. Rh2 Rb6
28. Rh6 Rbb7 29. Rdh2 Kf8 30. Kf2 Ke8 31. Ke1 Kd8 32. Kd1 Kc8 33. Kc1 Rbd7 34.
b4 Kb7 35. Kb2 Bc4 36. Rh1 a6 37. a3 Kc8 38. Ra1 Kb7 39. Rhh1 1/2-1/2

[Event "DVM U20 2007"]
[Site "Kelheim GER"]
[Date "2007.12.29"]
[Round "6"]
[White "Bräutigam, Markus"]
[Black "Butschek, Tanja"]
[Result "0-1"]
[Termination "normal"]
[Board "5.5"]
[WhiteElo "1651"]
[BlackElo "2043"]
[WhiteTeam "SK Kelheim"]
[BlackTeam "SF Köln-Mülheim"]
[PlyCount "62"]
[WhiteFideId "24620076"]
[BlackFideId "24604640"]
[EventCountry "GER"]
[EventRounds "7"]
[EventType "team-swiss"]
[EventDate "2007.12.26"]

1. c4 e5 2. Nc3 Nc6 3. g3 f5 4. Bg2 Nf6 5. e3 Bb4 6. Nge2 d6 7. O-O O-O 8. b3
Qe8 9. Bb2 Qh5 10. a3 Ba5 11. d4 Bxc3 12. Bxc3 g5 13. Nc1 Qh6 14. Bf3 e4 15.
Be2 f4 16. exf4 gxf4 17. Bd2 e3 18. fxe3 fxe3 19. Bc3 Ne4 20. Rxf8+ Qxf8 21.
Be1 Nf2 22. Bxf2 Qxf2+ 23. Kh1 Bh3 24. Bf3 Rf8 25. Bd5+ Kh8 26. Nd3 Qf6 27. Nf4
Nxd4 28. Nxh3 e2 29. Qd3 Nc2 30. Qxc2 Qxa1+ 31. Ng1 e1=Q 0-1

[Event "DVM U20 2007"]
[Site "Kelheim GER"]
[Date "2007.12.29"]
[Round "6"]
[White "Lange, Jan-David"]
[Black "Krege, Sandra"]
[Result "1-0"]
[Termination "normal"]
[Board "6.1"]
[WhiteElo "2116"]
[BlackElo "2107"]
[WhiteTeam "SC Tamm"]
[BlackTeam "SF Hettstedt"]
[PlyCount "59"]
[WhiteFideId "24614963"]
[BlackFideId "4680910"]
[EventCountry "GER"]
[EventRounds "7"]
[EventType "team-swiss"]
[EventDate "2007.12.26"]

1. e4 c5 2. Nf3 Nc6 3. d4 cxd4 4. Nxd4 Nf6 5. Nc3 e6 6. Nxc6 bxc6 7. e5 Nd5 8.
Ne4 Qc7 9. f4 Qb6 10. Qf3 Nb4 11. Qb3 a5 12. c3 a4 13. Qd1 Nd5 14. Qf3 Be7 15.
Bd3 f5 16. exf6 Nxf6 17. Be3 Qxb2 18. O-O Nxe4 19. Bxe4 Qb5 20. Qg4 O-O 21. Bc2
Qb2 22. Rac1 e5 23. Qh5 g6 24. Bxg6 hxg6 25. Qxg6+ Kh8 26. Rf3 Bh4 27. Rh3 Rxf4
28. Bxf4 Qf2+ 29. Kh1 Qxf4 30. Rd1 1-0

[Event "DVM U20 2007"]
[Site "Kelheim GER"]
[Date "2007.12.29"]
[Round "6"]
[White "Hofmann, Annett"]
[Black "Döring, Andreas"]
[Result "1-0"]
[Termination "normal"]
[Board "6.2"]
[WhiteElo "1973"]
[BlackElo "1830"]
[WhiteTeam "SF Hettstedt"]
[BlackTeam "SC Tamm"]
[PlyCount "73"]
[WhiteFideId "24603759"]
[BlackFideId "24621030"]
[EventCountry "GER"]
[EventRounds "7"]
[EventType "team-swiss"]
[EventDate "2007.12.26"]

1. e4 e6 2. d4 d5 3. Nc3 Bb4 4. exd5 exd5 5. Bd3 Nf6 6. Nge2 O-O 7. Bg5 c6 8.
O-O Bg4 9. f3 Bh5 10. Qe1 Bg6 11. Nf4 Bxd3 12. Nxd3 Be7 13. Ne5 Qb6 14. Qd2
Qxb2 15. Rab1 Qa3 16. Ne2 b6 17. Ng3 g6 18. Rfe1 Qd6 19. Ng4 Nbd7 20. Nh6+ Kh8
21. Ngf5 gxf5 22. Nxf5 Ne4 23. Nxd6 Nxd2 24. Bxe7 Nxb1 25. Bxf8 Rxf8 26. Rxb1
Kg7 27. Re1 Kf6 28. Ne8+ Kg6 29. Re7 Nb8 30. Nd6 a6 31. g4 Kf6 32. Re5 Nd7 33.
Rh5 Kg6 34. Nf5 f6 35. Rh6+ Kf7 36. Rxh7+ Ke6 37. Re7# 1-0

[Event "DVM U20 2007"]
[Site "Kelheim GER"]
[Date "2007.12.29"]
[Round "6"]
[White "Schäfer, Alexander"]
[Black "Friedrich, Kai"]
[Result "1-0"]
[Termination "normal"]
[Board "6.3"]
[WhiteElo "1975"]
[BlackElo "1898"]
[WhiteTeam "SC Tamm"]
[BlackTeam "SF Hettstedt"]
[PlyCount "49"]
[WhiteFideId "24615196"]
[BlackFideId "24609820"]
[EventCountry "GER"]
[EventRounds "7"]
[EventType "team-swiss"]
[EventDate "2007.12.26"]

1. e4 c6 2. d4 g6 3. Bd3 Bg7 4. Nf3 d5 5. exd5 cxd5 6. h3 Nc6 7. c3 Nf6 8. O-O
O-O 9. Bf4 Re8 10. Re1 a6 11. Nbd2 Nd7 12. Ne5 Ndxe5 13. dxe5 d4 14. c4 Nb4 15.
Nf3 Qb6 16. Qb3 Qc5 17. Rad1 Rd8 18. Be4 Be6 19. a3 Nc6 20. Qxb7 Nxe5 21. Nxe5
Bxe5 22. Bxe5 Qxe5 23. Qxe7 Rac8 24. Bd5 Qd6 25. Rxe6 1-0

[Event "DVM U20 2007"]
[Site "Kelheim GER"]
[Date "2007.12.29"]
[Round "6"]
[White "Stegmaier, Michael"]
[Black "Kaczmarek, Felix"]
[Result "0-1"]
[Termination "normal"]
[Board "6.5"]
[WhiteElo "1799"]
[BlackElo "1814"]
[WhiteTeam "SC Tamm"]
[BlackTeam "SF Hettstedt"]
[PlyCount "84"]
[WhiteFideId "24630659"]
[BlackFideId "24659444"]
[EventCountry "GER"]
[EventRounds "7"]
[EventType "team-swiss"]
[EventDate "2007.12.26"]

1. Nf3 d6 2. c4 f5 3. Nc3 Nf6 4. d4 g6 5. g3 Bg7 6. Bg2 O-O 7. O-O Qe8 8. Qb3
Kh8 9. Ng5 c6 10. d5 Na6 11. dxc6 bxc6 12. Qa4 Bb7 13. Ne6 Rf7 14. Nxg7 Kxg7
15. b4 e5 16. e4 Qe6 17. exf5 Qxc4 18. fxg6 hxg6 19. Bd2 Rh8 20. Rac1 Qe6 21.
h4 d5 22. b5 Nb8 23. Bg5 Rhf8 24. Qxa7 cxb5 25. Bxf6+ Qxf6 26. Qe3 d4 27. Qd3
Bxg2 28. Kxg2 dxc3 29. Qxc3 Nd7 30. Qb2 Rb8 31. a4 bxa4 32. Qa2 Qf3+ 33. Kg1 a3
34. Rc2 Qb3 35. Ra1 Nf6 36. Re2 Ng4 37. Qxa3 Qc4 38. Qa2 Qd4 39. Qa4 Rb4 40.
Qa2 Nxf2 41. Rxf2 Rxf2 42. Qxf2 Qxa1+ 0-1

[Event "DVM U20 2007"]
[Site "Kelheim GER"]
[Date "2007.12.29"]
[Round "6"]
[White "Friedrich, Jan"]
[Black "Kaiser, Sören"]
[Result "1-0"]
[Termination "normal"]
[Board "6.6"]
[WhiteElo "1507"]
[BlackElo "1437"]
[WhiteTeam "SF Hettstedt"]
[BlackTeam "SC Tamm"]
[PlyCount "41"]
[WhiteFideId "24659452"]
[BlackFideId "24669628"]
[EventCountry "GER"]
[EventRounds "7"]
[EventType "team-swiss"]
[EventDate "2007.12.26"]

1. e4 g6 2. d4 Bg7 3. Be3 d6 4. Nc3 Nd7 5. Bc4 c6 6. Qd2 b5 7. Bb3 a6 8. a3 Bb7
9. f3 Qc7 10. Nge2 h5 11. O-O Ngf6 12. Ba2 O-O 13. Nf4 e5 14. Nxg6 exd4 15.
Bxd4 Rfe8 16. Nh4 c5 17. Be3 Red8 18. Nf5 Ne8 19. Bh6 Bxh6 20. Qxh6 c4 21. Ne7#
1-0

[Event "DVM U20 2007"]
[Site "Kelheim GER"]
[Date "2007.12.29"]
[Round "6"]
[White "Luo, Xinping"]
[Black "Schneider, David"]
[Result "0-1"]
[Termination "normal"]
[Board "7.1"]
[WhiteElo "1971"]
[BlackElo "2255"]
[WhiteTeam "Heilbronner SV"]
[BlackTeam "FSV Großenseebach"]
[PlyCount "96"]
[WhiteFideId "4648951"]
[BlackFideId "4697111"]
[EventCountry "GER"]
[EventRounds "7"]
[EventType "team-swiss"]
[EventDate "2007.12.26"]

1. e4 c5 2. Nf3 e6 3. d4 cxd4 4. Nxd4 a6 5. Bd3 Bc5 6. Nb3 Be7 7. Qg4 g6 8. O-O
d6 9. Qe2 Qc7 10. f4 Nd7 11. c4 b6 12. Nc3 Ngf6 13. Bd2 Bb7 14. Rae1 O-O 15. f5
Ne5 16. Kh1 Nfg4 17. Bf4 Bh4 18. Rd1 Bf6 19. h3 Nxd3 20. Qxd3 Ne5 21. Qxd6 Qxd6
22. Rxd6 Nxc4 23. Rd7 Bc6 24. Rc7 Rfc8 25. fxe6 fxe6 26. Rxc8+ Rxc8 27. Bc1 Be5
28. Nd2 Nd6 29. Nf3 Bxc3 30. bxc3 Nxe4 31. Kh2 Bd5 32. Ne5 Rf8 33. Rxf8+ Kxf8
34. c4 Bb7 35. Nd7+ Ke7 36. Nxb6 Kd6 37. Kg1 Nc3 38. Kf2 Kc6 39. c5 Nxa2 40.
Ba3 Kb5 41. Nd7 Nb4 42. Kg3 Nd3 43. c6 Bxc6 44. Nf8 e5 45. Ne6 Kc4 46. Ng5 e4
47. Nxe4 Bxe4 48. h4 h5 0-1

[Event "DVM U20 2007"]
[Site "Kelheim GER"]
[Date "2007.12.29"]
[Round "6"]
[White "Kirch, Daniel"]
[Black "Geshnizjani, Ramin Tobias"]
[Result "0-1"]
[Termination "normal"]
[Board "7.2"]
[WhiteElo "2030"]
[BlackElo "2062"]
[WhiteTeam "FSV Großenseebach"]
[BlackTeam "Heilbronner SV"]
[PlyCount "106"]
[WhiteFideId "24605786"]
[BlackFideId "24633089"]
[EventCountry "GER"]
[EventRounds "7"]
[EventType "team-swiss"]
[EventDate "2007.12.26"]

1. d4 Nf6 2. c4 c5 3. d5 b5 4. cxb5 a6 5. bxa6 g6 6. g3 d6 7. Bg2 Bg7 8. Nc3
Bxa6 9. Nf3 Nbd7 10. O-O Nb6 11. Re1 O-O 12. e4 Nfd7 13. Qc2 Nc4 14. b3 Qa5 15.
bxc4 Qxc3 16. Qxc3 Bxc3 17. Bh6 Rfb8 18. Rac1 Bxe1 19. Nxe1 Ne5 20. Bf1 Rb4 21.
Nc2 Ra4 22. Ne3 Rxa2 23. Bf4 Nf3+ 24. Kg2 Nd2 25. e5 dxe5 26. Bxe5 f6 27. Bc3
Ne4 28. Be1 Bc8 29. Bd3 Ng5 30. h4 Nf7 31. Bc3 Nd6 32. Kf3 Kf7 33. h5 Nf5 34.
hxg6+ hxg6 35. Nc2 Bd7 36. g4 Nh4+ 37. Kg3 g5 38. f4 gxf4+ 39. Kxf4 Ng6+ 40.
Kg3 Ba4 41. Ne3 Ra3 42. Nf5 Ne5 43. Be2 Ra2 44. Bf1 Rc2 45. Rxc2 Bxc2 46. Bxe5
Bxf5 47. Kf4 Bxg4 48. Kxg4 fxe5 49. Kf5 Ra1 50. Bd3 Rd1 51. Be2 Rh1 52. Bg4 Rh4
53. Kg5 Rxg4+ 0-1

[Event "DVM U20 2007"]
[Site "Kelheim GER"]
[Date "2007.12.29"]
[Round "6"]
[White "Borel, Markus"]
[Black "Weissbeck, Simon"]
[Result "0-1"]
[Termination "normal"]
[Board "7.4"]
[WhiteElo "1967"]
[BlackElo "1794"]
[WhiteTeam "FSV Großenseebach"]
[BlackTeam "Heilbronner SV"]
[PlyCount "98"]
[WhiteFideId "24605522"]
[BlackFideId "24646865"]
[EventCountry "GER"]
[EventRounds "7"]
[EventType "team-swiss"]
[EventDate "2007.12.26"]

1. e3 d5 2. b3 c5 3. Bb2 Nc6 4. Nf3 Nf6 5. d4 Bg4 6. Be2 cxd4 7. exd4 e6 8. O-O
Bd6 9. Ne5 Bxe2 10. Qxe2 O-O 11. Nd2 Qc7 12. Ndf3 Rac8 13. Nd3 Nb4 14. Nxb4
Bxb4 15. Rac1 Bc3 16. Bxc3 Qxc3 17. Qb5 Rc7 18. Qa4 a6 19. Rfe1 Rfc8 20. Qa3 a5
21. Re3 Qb4 22. Qb2 Ne4 23. a3 Qb5 24. Ne5 Nc3 25. Nd3 Ne2+ 26. Rxe2 Qxd3 27.
Kf1 Rxc2 28. Rcxc2 Qd1+ 29. Re1 Qxc2 30. Qa1 Qxb3 31. Rb1 Qd3+ 32. Kg1 Qc3 33.
Qxc3 Rxc3 34. Kf1 Rxa3 35. Rxb7 g6 36. Ke2 Ra2+ 37. Ke3 a4 38. g3 Kg7 39. h3 a3
40. Ra7 Ra1 41. Ke2 Kf6 42. Kf3 g5 43. g4 a2 44. Kg2 Kg6 45. Ra6 h5 46. Kf3
hxg4+ 47. hxg4 f6 48. Kg2 Kf7 49. Ra7+ Ke8 0-1

[Event "DVM U20 2007"]
[Site "Kelheim GER"]
[Date "2007.12.29"]
[Round "6"]
[White "Schwarz, Felix"]
[Black "Hofmann, Benjamin"]
[Result "0-1"]
[Termination "normal"]
[Board "7.5"]
[WhiteElo "1793"]
[BlackElo "2012"]
[WhiteTeam "Heilbronner SV"]
[BlackTeam "FSV Großenseebach"]
[PlyCount "78"]
[WhiteFideId "4639065"]
[BlackFideId "24605743"]
[EventCountry "GER"]
[EventRounds "7"]
[EventType "team-swiss"]
[EventDate "2007.12.26"]

1. d4 g6 2. Nf3 Bg7 3. Bf4 d6 4. e3 Nf6 5. c4 O-O 6. Be2 Nbd7 7. O-O Nh5 8. Nc3
Nxf4 9. exf4 c6 10. Qd2 Nf6 11. Rfe1 d5 12. cxd5 Nxd5 13. Bc4 Be6 14. Nxd5 Bxd5
15. Bxd5 cxd5 16. Qb4 e6 17. Ne5 Bxe5 18. fxe5 Qd7 19. Rac1 Rfc8 20. g3 Rxc1
21. Rxc1 Rc8 22. Rxc8+ Qxc8 23. Qc3 Qxc3 24. bxc3 Kf8 25. f4 Ke7 26. Kf2 Kd7
27. Ke3 Kc6 28. Kd3 Kb5 29. g4 h6 30. h3 g5 31. f5 b6 32. a4+ Kc6 33. c4 a6 34.
Kc3 dxc4 35. Kxc4 b5+ 36. axb5+ axb5+ 37. Kd3 Kd5 38. fxe6 fxe6 39. Ke3 b4 0-1